MARC details
| 000 -CABECERA |
| campo de control de longitud fija |
02403cam a2200337 i 4500 |
| 001 - NÚMERO DE CONTROL |
| campo de control |
991107209748706196 |
| 005 - FECHA Y HORA DE LA ÚLTIMA TRANSACCIÓN |
| campo de control |
20250522092102.0 |
| 008 - DATOS DE LONGITUD FIJA--INFORMACIÓN GENERAL |
| campo de control de longitud fija |
210616s2021 enk b 000 0 eng |
| 010 ## - NÚMERO DE CONTROL DE LA BIBLIOTECA DEL CONGRESO |
| Número de control de LC |
2021941206 |
| 020 ## - NÚMERO INTERNACIONAL ESTÁNDAR DEL LIBRO |
| Número Internacional Estándar del Libro |
9781839762345 |
| 035 ## - NÚMERO DE CONTROL DEL SISTEMA |
| Número de control de sistema |
(OCoLC)1233031231 |
| 035 ## - NÚMERO DE CONTROL DEL SISTEMA |
| Número de control de sistema |
(OCoLC)on1233031231 |
| 040 ## - FUENTE DE LA CATALOGACIÓN |
| Centro catalogador/agencia de origen |
DLC |
| Lengua de catalogación |
eng |
| Normas de descripción |
rda |
| Centro/agencia transcriptor |
DLC |
| Centro/agencia modificador |
BDX |
| -- |
UKMGB |
| -- |
OCLCF |
| -- |
ERASA |
| -- |
S#L |
| -- |
CDX |
| -- |
CLE |
| -- |
NZAUC |
| -- |
YDX |
| 041 ## - CÓDIGO DE LENGUA |
| Código de lengua del texto/banda sonora o título independiente |
eng |
| 042 ## - CÃDIGO DE AUTENTICACIÃN |
| Código de autenticación |
pcc |
| 050 00 - SIGNATURA TOPOGRÁFICA DE LA BIBLIOTECA DEL CONGRESO |
| Número de clasificación |
TD887.F69 |
| Número de documento/Ítem |
B83 2021 |
| 100 ## - ENTRADA PRINCIPAL--NOMBRE DE PERSONA |
| Nombre de persona |
Buck, Holly Jean |
| Fechas asociadas al nombre |
1981- |
| Término indicativo de función/relación |
author |
| 9 (RLIN) |
25291 |
| 245 10 - MENCIÓN DE TÍTULO |
| Título |
Ending fossil fuels |
| Resto del título |
: why net zero is not enough |
| Mención de responsabilidad, etc. |
/ Holly Jean Buck. |
| 260 ## - PUBLICACIÓN, DISTRIBUCIÓN, ETC. |
| Lugar de publicación, distribución, etc. |
London ; |
| -- |
Brooklyn, NY : |
| Nombre del editor, distribuidor, etc. |
Verso Books, |
| Fecha de publicación, distribución, etc. |
2021. |
| 300 ## - DESCRIPCIÓN FÍSICA |
| Extensión |
202 pages ; |
| Dimensiones |
20 cm. |
| 504 ## - NOTA DE BIBLIOGRAFÍA, ETC. |
| Nota de bibliografía, etc. |
Includes bibliographical references (pages 185-202). |
| 505 0# - NOTA DE CONTENIDO CON FORMATO |
| Nota de contenido con formato |
Introduction: controlled demolition — The cruel optimism of "Net Zero" — Five ways of looking at fossil fuel phaseout — A phaseout toolbox for the 2020s. |
| 520 ## - SUMARIO, ETC. |
| Sumario, etc. |
Around the world, countries and companies are setting net-zero carbon emissions targets. But "net-zero" is a term that conveniently obscures multiple futures. There could be a version of net-zero where the fossil fuel industry is still spewing tens of billions of tons of CO2 into the atmosphere, and has built a corresponding industry in sucking it back out again. Holly Buck argues that focusing on emissions draws our attention away from where we need to be looking: the point of production. 0It is time to plan for the end of fossil fuel and the companies that profit from them. Fossil fuels still provide 80% of world energy and ceasing their use before there are ready alternatives brings risks of energy poverty. The fossil fuel industry provides jobs, as well as a source of revenue for some frontline communities. Conventional wisdom says that fossil fuels will be naturally priced out when cheaper, but this raises as many problems as it addresses. Ending Fossil Fuels tackles these problems seriously and also sets out a roadmap that offer opportunities for more liveable, inclusive future. |
| 650 #0 - PUNTO DE ACCESO ADICIONAL DE MATERIA--TÉRMINO DE MATERIA |
| Término de materia o nombre geográfico como elemento de entrada |
Fossil fuels |
| Subdivisión general |
Environmental aspects |
| 9 (RLIN) |
25292 |
| 650 #0 - PUNTO DE ACCESO ADICIONAL DE MATERIA--TÉRMINO DE MATERIA |
| Término de materia o nombre geográfico como elemento de entrada |
Petroleum industry and trade |
| Subdivisión general |
Environmental aspects |
| 9 (RLIN) |
25293 |
| 650 #0 - PUNTO DE ACCESO ADICIONAL DE MATERIA--TÉRMINO DE MATERIA |
| Término de materia o nombre geográfico como elemento de entrada |
Energy security |
| 9 (RLIN) |
13699 |
| 650 #0 - PUNTO DE ACCESO ADICIONAL DE MATERIA--TÉRMINO DE MATERIA |
| Término de materia o nombre geográfico como elemento de entrada |
Energy policy |
| Subdivisión general |
Environmental aspects |
| 9 (RLIN) |
23257 |
| 650 #0 - PUNTO DE ACCESO ADICIONAL DE MATERIA--TÉRMINO DE MATERIA |
| Término de materia o nombre geográfico como elemento de entrada |
Climatic changes |
| 9 (RLIN) |
14247 |
| 650 #0 - PUNTO DE ACCESO ADICIONAL DE MATERIA--TÉRMINO DE MATERIA |
| Término de materia o nombre geográfico como elemento de entrada |
Renewable energy sources |
| 9 (RLIN) |
23312 |
| 942 ## - ELEMENTOS DE ENTRADA AGREGADA (KOHA) |
| Fuente del sistema de clasificación o colocación |
Clasificación de Library of Congress |